<?xml version="1.0" encoding="UTF-8"?>
<record
    xmlns:xsi="http://www.w3.org/2001/XMLSchema-instance"
    xsi:schemaLocation="http://www.loc.gov/MARC21/slim http://www.loc.gov/standards/marcxml/schema/MARC21slim.xsd"
    xmlns="http://www.loc.gov/MARC21/slim">

  <leader>00613nam a22001457a 4500</leader>
  <controlfield tag="003">OSt</controlfield>
  <controlfield tag="005">20150905115212.0</controlfield>
  <controlfield tag="008">150905b        xxu||||| |||| 00| 0 eng d</controlfield>
  <datafield tag="040" ind1=" " ind2=" ">
    <subfield code="c">RUA</subfield>
  </datafield>
  <datafield tag="082" ind1=" " ind2=" ">
    <subfield code="a">AGR &#x1781;&#x17C0;&#x179C; 1992 B003 Or.1</subfield>
  </datafield>
  <datafield tag="100" ind1=" " ind2=" ">
    <subfield code="9">21</subfield>
    <subfield code="a">&#x1781;&#x17C0;&#x179C; &#x1794;&#x17CA;&#x17BB;&#x178E;&#x17D2;&#x178E;&#x17B6;&#x179A;&#x17B7;&#x1791;&#x17D2;&#x1792;</subfield>
  </datafield>
  <datafield tag="245" ind1=" " ind2=" ">
    <subfield code="a">&#x1794;&#x17D2;&#x179A;&#x17C0;&#x1794; &#x1792;&#x17C0;&#x1794;&#x179B;&#x1780;&#x17D2;&#x1781;&#x178E;&#x17C8;&#x179A;&#x17BC;&#x1794;&#x179F;&#x17B6;&#x179F;&#x17D2;&#x179A;&#x17D2;&#x178F;&#x17BB;&#x17BB;,&#x1787;&#x17B8;&#x179C;&#x179F;&#x17B6;&#x179F;&#x17D2;&#x179A;&#x17D2;&#x178F; &#x179A;&#x1794;&#x179F;&#x17CB;&#x179F;&#x17D2;&#x179A;&#x17BC;&#x179C; IR 66 , IR 72 &#x1793;&#x17B7;&#x1784;KRU &#x1780;&#x17D2;&#x1793;&#x17BB;&#x1784;&#x179B;&#x17D0;&#x1780;&#x17D2;&#x1781;&#x1781;&#x17D0;&#x178E;&#x17D2;&#x178C;&#x178A;&#x17BC;&#x1785;&#x1782;&#x17D2;&#x1793;&#x17B6;(&#x1785;&#x17C6;&#x1780;&#x17B6;&#x179A;&#x178A;&#x17BC;&#x1784;)</subfield>
  </datafield>
  <datafield tag="300" ind1=" " ind2=" ">
    <subfield code="a">90p.</subfield>
    <subfield code="b">ill.</subfield>
    <subfield code="c">29cm.</subfield>
  </datafield>
  <datafield tag="942" ind1=" " ind2=" ">
    <subfield code="2">ddc</subfield>
    <subfield code="c">AGR</subfield>
  </datafield>
  <datafield tag="999" ind1=" " ind2=" ">
    <subfield code="c">21</subfield>
    <subfield code="d">21</subfield>
  </datafield>
  <datafield tag="952" ind1=" " ind2=" ">
    <subfield code="0">0</subfield>
    <subfield code="1">0</subfield>
    <subfield code="2">ddc</subfield>
    <subfield code="4">0</subfield>
    <subfield code="6">AGR_&#x1781;&#x17C0;&#x179C;_1992_000000000000000_B003_OR_1</subfield>
    <subfield code="7">0</subfield>
    <subfield code="9">69</subfield>
    <subfield code="a">LBB</subfield>
    <subfield code="b">LBB</subfield>
    <subfield code="c">B003</subfield>
    <subfield code="d">2015-09-05</subfield>
    <subfield code="l">1</subfield>
    <subfield code="o">AGR &#x1781;&#x17C0;&#x179C; 1992 B003 Or.1</subfield>
    <subfield code="p">RUA004669</subfield>
    <subfield code="r">2016-07-08</subfield>
    <subfield code="s">2016-06-24</subfield>
    <subfield code="w">2015-09-05</subfield>
    <subfield code="y">AGR</subfield>
  </datafield>
  <datafield tag="952" ind1=" " ind2=" ">
    <subfield code="0">0</subfield>
    <subfield code="1">0</subfield>
    <subfield code="2">ddc</subfield>
    <subfield code="4">0</subfield>
    <subfield code="6">AGR_&#x1781;&#x17C0;&#x179C;_1992_000000000000000_B003_OR_2</subfield>
    <subfield code="7">0</subfield>
    <subfield code="9">70</subfield>
    <subfield code="a">LBB</subfield>
    <subfield code="b">LBB</subfield>
    <subfield code="c">B003</subfield>
    <subfield code="d">2015-09-05</subfield>
    <subfield code="o">AGR &#x1781;&#x17C0;&#x179C; 1992 B003 Or.2</subfield>
    <subfield code="p">RUA004678</subfield>
    <subfield code="r">2015-09-05</subfield>
    <subfield code="w">2015-09-05</subfield>
    <subfield code="y">AGR</subfield>
  </datafield>
  <datafield tag="952" ind1=" " ind2=" ">
    <subfield code="0">0</subfield>
    <subfield code="1">0</subfield>
    <subfield code="2">ddc</subfield>
    <subfield code="4">0</subfield>
    <subfield code="6">AGR_&#x1781;&#x17C0;&#x179C;_1992_000000000000000_B003_OR_3</subfield>
    <subfield code="7">0</subfield>
    <subfield code="9">71</subfield>
    <subfield code="a">LBB</subfield>
    <subfield code="b">LBB</subfield>
    <subfield code="c">B003</subfield>
    <subfield code="d">2015-09-05</subfield>
    <subfield code="o">AGR &#x1781;&#x17C0;&#x179C; 1992 B003 Or.3</subfield>
    <subfield code="p">RUA004750</subfield>
    <subfield code="r">2015-09-05</subfield>
    <subfield code="w">2015-09-05</subfield>
    <subfield code="y">AGR</subfield>
  </datafield>
  <datafield tag="952" ind1=" " ind2=" ">
    <subfield code="0">0</subfield>
    <subfield code="1">0</subfield>
    <subfield code="2">ddc</subfield>
    <subfield code="4">0</subfield>
    <subfield code="6">AGR_&#x1781;&#x17C0;&#x179C;_1992_000000000000000_B003_OR_4</subfield>
    <subfield code="7">0</subfield>
    <subfield code="9">72</subfield>
    <subfield code="a">LBB</subfield>
    <subfield code="b">LBB</subfield>
    <subfield code="c">B003</subfield>
    <subfield code="d">2015-09-05</subfield>
    <subfield code="l">1</subfield>
    <subfield code="m">1</subfield>
    <subfield code="o">AGR &#x1781;&#x17C0;&#x179C; 1992 B003 Or.4</subfield>
    <subfield code="p">RUA004807</subfield>
    <subfield code="r">2016-10-21</subfield>
    <subfield code="s">2016-09-21</subfield>
    <subfield code="w">2015-09-05</subfield>
    <subfield code="y">AGR</subfield>
  </datafield>
  <datafield tag="952" ind1=" " ind2=" ">
    <subfield code="0">0</subfield>
    <subfield code="1">0</subfield>
    <subfield code="2">ddc</subfield>
    <subfield code="4">0</subfield>
    <subfield code="6">AGR_&#x1781;&#x17C0;&#x179C;_1992_000000000000000_B003_OR_5</subfield>
    <subfield code="7">0</subfield>
    <subfield code="9">73</subfield>
    <subfield code="a">LBB</subfield>
    <subfield code="b">LBB</subfield>
    <subfield code="c">B003</subfield>
    <subfield code="d">2015-09-05</subfield>
    <subfield code="o">AGR &#x1781;&#x17C0;&#x179C; 1992 B003 Or.5</subfield>
    <subfield code="p">RUA004749</subfield>
    <subfield code="r">2015-09-05</subfield>
    <subfield code="w">2015-09-05</subfield>
    <subfield code="y">AGR</subfield>
  </datafield>
  <datafield tag="952" ind1=" " ind2=" ">
    <subfield code="0">0</subfield>
    <subfield code="1">0</subfield>
    <subfield code="2">ddc</subfield>
    <subfield code="4">0</subfield>
    <subfield code="6">AGR_&#x1781;&#x17C0;&#x179C;_1992_000000000000000_B003_OR_6</subfield>
    <subfield code="7">0</subfield>
    <subfield code="9">74</subfield>
    <subfield code="a">LBB</subfield>
    <subfield code="b">LBB</subfield>
    <subfield code="c">B003</subfield>
    <subfield code="d">2015-09-05</subfield>
    <subfield code="o">AGR &#x1781;&#x17C0;&#x179C; 1992 B003 Or.6</subfield>
    <subfield code="p">RUA004677</subfield>
    <subfield code="r">2015-09-05</subfield>
    <subfield code="w">2015-09-05</subfield>
    <subfield code="y">AGR</subfield>
  </datafield>
</record>
